Bilecik Bilecik Bilecik Bilecik Bilecik

Kaligrafi ve tipografinin sanatsal yansımaları : (Record no. 60126)

MARC details
000 -BAŞLIK
Sabit Uzunluktaki Kontrol Alanı 01363nam a22003257a 4500
001 - KONTROL NUMARASI
Control Dosyası 0060323
003 - KONTROL NUMARASI KİMLİĞİ
Kontrol Alanı KOHA_MİRAKIL
005 - EN SON İŞLEM TARİHİ ve ZAMANI
Kontrol Alanı 20260207004256.0
007 - FİZİKSEL TANIM SABİT ALAN - GENEL BİLGİ
Sabit uzunluklu kontrol alanı ta
008 - SABİT UZUNLUKTAKİ VERİ ÖGELERİ - GENEL BİLGİ
Sabit Alan 170615b2011 tu a|||gr||||#||||0|tur |
020 ## - ISBN - ULUSLARARASI STANDART KİTAP NUMARASI
Isbn 9789750608711
040 ## - KATALOGLAMA KAYNAĞI
Özgün Kataloglama Kurumu TR-BiSEU
Kataloglama Dili tur
Çeviri Kurumu TR-BiSEU
Açıklama Kuralları rda
041 0# - DİL KODU
Metin ya da ses kaydının dil kodu tur
044 ## - YAYINLAYAN/ÜRETEN KURULUŞUN ÜLKE KODU
ISO country code tu
050 ## - SINIFLAMA ve YER NUMARASI
Sınıflama Numarası NK3600
Yer Numarası .K34 2011
240 10 - TEK BİÇİM BAŞLIK
Tekbiçim Başlık <a href="artistic reflections of calligraphy and typography">artistic reflections of calligraphy and typography</a>
Language of a work Türkçe
245 0# - ESER ADI BİLDİRİMİ
Başlık Kaligrafi ve tipografinin sanatsal yansımaları :
Alt Eseradı vb. uluslararası katılımlı kaligrafi ve tipografi etkinliği, 2-20 Mayıs 2010, Eskişehir, Türkiye =
-- artistic reflections of calligraphy and typography/
Sorumluluk Bildirimi Koordinatör Zehra Çobanlı ; düzenleme komitesi Tevfik Fikret Uçar ... [vb.]..
264 #1 - ÜRERİM, YAYIN, DAĞITIM ve TELİF BİLDİRİMİ
Yayın yeri Eskişehir :
Yayınlayan Anadolu Üniversitesi Güzel Sanatlar Fakültesi
Yayın tarihi 2011
300 ## - FİZİKSEL TANIMLAMA
Sayfa, Cilt vb. 88 sayfa :
Diğer fiziki detaylar resimli ;
Boyutları 20 cm
336 ## - İÇERİK TÜRÜ
Content type term metin
Content type code txt
Source rdacontent
337 ## - MEDYA TÜRÜ
Media type term aracısız
Media type code n
Source rdamedia
338 ## - TAŞIYICI TÜRÜ
Carrier type term cilt
Carrier type code nc
Source rdacarrier
490 1# - DİZİ BİLDİRİMİ
Dizi Bildirimi Anadolu Üniversitesi yayınları no ;
Cilt Numarası 1205.
490 1# - DİZİ BİLDİRİMİ
Dizi Bildirimi Güzel Sanatlar Fakültesi yayınlarıno ;
Cilt Numarası 72
650 #0 - KONU BAŞLIĞI EK GİRİŞ - KONU TERİMİ
Konusal terim veya coğrafi ad Kaligrafi--Sergiler.
9 (RLIN) 60769
650 #0 - KONU BAŞLIĞI EK GİRİŞ - KONU TERİMİ
Konusal terim veya coğrafi ad Grafik sanatlar--Sergiler.
9 (RLIN) 60770
830 1# - SERİ EK GİRİŞİ - TEKBİÇİM ESER ADI
Tekbiçim Başlık Anadolu Üniversitesi yayınları no ;
Volume number/sequential designation 1205.
9 (RLIN) 6150
830 1# - SERİ EK GİRİŞİ - TEKBİÇİM ESER ADI
Tekbiçim Başlık Güzel Sanatlar Fakültesi yayınlarıno ;
Volume number/sequential designation 72
9 (RLIN) 111395
942 ## - EK GİRİŞ ÖGELERİ (KOHA)
Source of classification or shelving scheme Library of Congress Classification
Koha item type Book
Holdings
Materyal Türü Kalıcı Konum Mevcut Konum Raf Yeri Sınıflandırma Kaynağı Edinim Bilgisi Ana Konular Alt Konular Yer Numarası Demirbaş Numarası Fatura Tarihi Geri Çekilme Durumu Kayıp Durumu Hasarlı Durumu Kredi için değil Kayıt Tarih Toplam Ödünçverme Son Görülme Tarihi Son Kontrol Tarihi Genel / Bağış Notu
Book Prof. Dr. Azmi Özcan Kütüphanesi Prof. Dr. Azmi Özcan Kütüphanesi Uluğbey Salonu Library of Congress Classification Bağış GÜZEL SANATLAR Dekoratif Sanatlar NK3600 .K34 2011 0060323 02/02/2026         15/06/2017   05/12/2024 05/12/2024 Genel Bağış